Povinnosti zamestnávateľa v oblasti mzdového účtovníctva pri uzatváraní roku 2025 a prechode na rok 2026

Pri uzatváraní kalendárneho roka musí zamestnávateľ v oblasti mzdového účtovníctva vykonať úkony smerujúce k príprave na účtovnú závierku za účtovné obdobie a ročného zúčtovania preddavkov na daň z príjmov zo závislej činnosti za zdaňovacie obdobie spočívajúce predovšetkým v odsúhlasení a uzatvorení...

Descripción completa

Guardado en:
Detalles Bibliográficos
Autor principal: Gášpárová, Eva
Formato: Capítulo de libro
Lenguaje:eslovaco
Materias:
Etiquetas: Agregar Etiqueta
Sin Etiquetas, Sea el primero en etiquetar este registro!

MARC

LEADER 00000naa a2200000 4500
001 0314634
005 20260130080347.0
041 0 |a slo 
044 |a SK 
245 1 0 |a Povinnosti zamestnávateľa v oblasti mzdového účtovníctva pri uzatváraní roku 2025 a prechode na rok 2026  |c Eva Gášpárová 
520 |a Pri uzatváraní kalendárneho roka musí zamestnávateľ v oblasti mzdového účtovníctva vykonať úkony smerujúce k príprave na účtovnú závierku za účtovné obdobie a ročného zúčtovania preddavkov na daň z príjmov zo závislej činnosti za zdaňovacie obdobie spočívajúce predovšetkým v odsúhlasení a uzatvorení mzdových listov a ostatných evidencií za kalendárny rok a vystavení potvrdení v súvislosti s poskytovaním mzdy a vyberaním preddavku na daň z príjmov zo závislej činnosti. 
610 2 0 |a zamestnávatelia 
610 2 0 |a zamestnanci 
610 2 0 |a mzdy 
610 2 0 |a účtovníctvo 
610 2 0 |a účtovníctvo mzdové 
610 2 0 |a legislatíva 
100 1 |a Gášpárová, Eva